000 00845nam a2200253 i 4500
003 URS
005 20220117151043.0
008 181009b xxu||||| |||| 00| 0 eng d
020 _a9716856972
040 _erda
_cURS
_bEnglish
050 _aLB2395
_b.M348 2009
100 _aMarquez Jr., Servillano T.,
_eauthor.
245 _aDevelopmental reading 2 /
_cServillano T. Marquez Jr., Neliza C. Casale, Bryan Eli Sadorra.
264 _aQuezon City :
_bLorimar Publishing Incorporated,
_c©2009.
300 _a175 pages ;
_c26 cm.
336 _atext
_btxt
_2rdacontent
337 _aunmediated
_bn
_2rdamedia
338 _avolume
_bnc
_2rdacarrier
504 _aIncludes bibliographical references.
650 0 _aReading (Higher education).
700 _aCasale, Neliza C.,
_eauthor.
700 _aSadorra, Bryan Eli.,
_eauthor.
942 _2lcc
_cF
999 _c10413
_d10413